Química General Moderna

Bibliographic Details
Main Author: Babor, J. A
Format: Section = Libro
Language:Undetermined
Spanish
Published: España Marín 1962
Edition:7a.ed.
Subjects:
LEADER 00528nam a2200205Ia 4500
008 241007s9999||||xx |||||||||||||| ||und||
040 |a BIBLIOTECA-RURC/ 540 B114 
041 |a spa 
082 |a 540 B114 
100 1 |a Babor, J. A 
245 1 0 |a Química General Moderna 
250 |a 7a.ed. 
260 |a España  |b Marín  |c 1962 
300 |a 1143 p. :il. 
650 7 |a LEYES DE COMBINACION QUÍMICA 
650 7 |b  ESTRUCTURA ATÓMICA 
650 7 |c  QUIMICA ORGANICA Barz José. 
942 |c BK  |2 ddc 
991 |a TEXTO 
999 |c 14414